000 00435cam a2200169ua 4500
003 OSt
008 240115b |||||||| |||| 00| 0 eng d
041 _amal
082 _a894.812 2
_bMUH/T
100 _aMuhammed , K T .
_91796
245 _aIthu Bhoomiyanu /
250 _a /
260 _aKottayam :
_bPrabhatham printing and publishing co. pvt. ltd. ,
_c1960.
300 _a129.
650 _aDrama -Malayalam
_91695
942 _cBK
999 _c455
_d455